| 000 | 05961cam a22018734i 4500 | ||
|---|---|---|---|
| 003 | PE-LiUPU | ||
| 005 | 20250813165621.0 | ||
| 008 | 150625s1991 mx a r 000 0 spa d | ||
| 020 | _a9500608626 | ||
| 020 | _a9789500608626 | ||
| 035 | _a(Sirsi) a33039 | ||
| 040 |
_aPE-LiUPU _bspa _cPE-LiUPU _dPE-LiUPU _erda |
||
| 041 | 1 |
_aspa _heng |
|
| 049 | _aPRUA | ||
| 082 | 0 | 4 |
_a615.1 _bG72 _220 |
| 100 | 1 |
_aGoodman Gilman, Alfred, _eautor. |
|
| 245 | 1 | 4 |
_aLas Bases farmacológicas de la terapéutica / _cAlfred Goodman Gilman, Louis S.Goodman. |
| 250 | _aOctava edición. | ||
| 264 | 1 |
_aMéxico : _bEditorial Médica Panamerina, _c1991. |
|
| 300 |
_a1679 páginas : _bilustraciones ; _c27 centímetros |
||
| 336 |
_atext _2rdacontent |
||
| 337 |
_aunmediated _2rdamedia |
||
| 338 |
_avolume _2rdacarrier |
||
| 505 | 0 | _aPrincipios generales -- Farmacocinética -- Farmacodinámica -- Principios de toxicología -- Principios de terapeútica -- Drogas que actúan en la sinapsis y las uniones neuroefectores -- Transmición neurohumoral -- Atropina. - agentes que actúan a nivel de la unión neuromuscular y los ganglios autónomos -- Catecolaminas y drogas simpaticomiméticas. - antagonistas de los receptores adrenérgicos -- Drogas que actúan sobre el sistema nervioso central -- Transmición neurohumoral y sistema nerviso central. - anestésics generales -- Anestésicos locales -- Hipnóticos y sedantes -- Drogadicción y abuso de drogas. - Farmacoterapia de la inflamación. - Histamina, bradiquinina. - autacoides derivados de lípidos. - Drogas que afectan la función renal y el metabolísmo de los electrolitos -- Diuréticos y otros agentes empleados en la movilización del edema -- Agentes cardiovasculares -- Agentes usados para el tratamiento de la angina -- Agentes antihipertensivos -- Fármacos que afectan la función gastrontestinal y tratamiento de la úlcera péptica -- Fármacos que afectan la motilidad uterina -- Quimioterapia de las infecciones parasitarias -- Quimioterapia de las enfermedades microbianas -- Quimioterapia de las enfermedades neoplásicas. agentes que actúan sobre la sangre y los órganos hematopoyéticos. - Fármacos usados para producir inmunosupresión. - Hormonas y sus antagonístas -- Las vitaminas -- Dermatología -- Toxicología. | |
| 526 | _aP203 | ||
| 526 | _aP200 | ||
| 526 | _aSEG65 | ||
| 526 | _aSEG64 | ||
| 526 | _aSEG63 | ||
| 526 | _aSEG62 | ||
| 526 | _aSEG61 | ||
| 526 | _aSEG60 | ||
| 526 | _aSEG59 | ||
| 526 | _aSEG58 | ||
| 526 | _aSEG57 | ||
| 526 | _aSEG56 | ||
| 526 | _aSEG55 | ||
| 526 | _aSEG54 | ||
| 526 | _aSEG53 | ||
| 526 | _aSEG52 | ||
| 526 | _aSEG51 | ||
| 526 | _aSEG50 | ||
| 526 | _aSEG49 | ||
| 526 | _aSEG48 | ||
| 526 | _aSEG47 | ||
| 526 | _aSEG46 | ||
| 526 | _aSEG24 | ||
| 526 | _aSEG23 | ||
| 526 | _aSEG22 | ||
| 526 | _aSEG21 | ||
| 526 | _aSEG20 | ||
| 526 | _aSEG19 | ||
| 526 | _aSEG18 | ||
| 526 | _aSEG17 | ||
| 526 | _aSEG16 | ||
| 526 | _aSEG14 | ||
| 526 | _aSEG13 | ||
| 526 | _aSEG12 | ||
| 526 | _aSEG11 | ||
| 526 | _aSEG10 | ||
| 526 | _aSEG09 | ||
| 526 | _aSEG06 | ||
| 526 | _aSEG05 | ||
| 526 | _aSEG04 | ||
| 526 | _aSEG03 | ||
| 526 | _aSEG02 | ||
| 526 | _aSEG68 | ||
| 526 | _aSEG66 | ||
| 526 | _aSEG45 | ||
| 526 | _aSEG25 | ||
| 526 | _aSEG01 | ||
| 526 | _aP163 | ||
| 526 | _aP162 | ||
| 526 | _aP161 | ||
| 526 | _aP160 | ||
| 526 | _aP159 | ||
| 526 | _aP158 | ||
| 526 | _aP157 | ||
| 526 | _aP156 | ||
| 526 | _aP155 | ||
| 526 | _aP154 | ||
| 526 | _aP153 | ||
| 526 | _aP152 | ||
| 526 | _aP151 | ||
| 526 | _aP150 | ||
| 526 | _aP149 | ||
| 526 | _aP142 | ||
| 526 | _aP141 | ||
| 526 | _aP140 | ||
| 526 | _aP139 | ||
| 526 | _aP138 | ||
| 526 | _aP137 | ||
| 526 | _aP132 | ||
| 526 | _aP131 | ||
| 526 | _aP130 | ||
| 526 | _aP126 | ||
| 526 | _aP125 | ||
| 526 | _aP124 | ||
| 526 | _aP123 | ||
| 526 | _aP115 | ||
| 526 | _aP122 | ||
| 526 | _aP121 | ||
| 526 | _aP116 | ||
| 526 | _a P114 | ||
| 526 | _aP112 | ||
| 526 | _aP111 | ||
| 526 | _aP104 | ||
| 526 | _aP103 | ||
| 526 | _aP102 | ||
| 526 | _aP101 | ||
| 526 | _aP100 | ||
| 526 | _aP96 | ||
| 526 | _aP95 | ||
| 526 | _aP93 | ||
| 526 | _aP92 | ||
| 526 | _aP91 | ||
| 526 | _aP88 | ||
| 526 | _aP83 | ||
| 526 | _aP82 | ||
| 526 | _aP79 | ||
| 526 | _aP78 | ||
| 526 | _aP75 | ||
| 526 | _aP74 | ||
| 526 | _aP71 | ||
| 526 | _aP69 | ||
| 526 | _a P51 | ||
| 526 | _aP49 | ||
| 526 | _aP48 | ||
| 526 | _aP47 | ||
| 526 | _aP33 | ||
| 526 | _aP31 | ||
| 526 | _a P30 | ||
| 526 | _aP29 | ||
| 526 | _aP27 | ||
| 526 | _aP26 | ||
| 526 | _aP25 | ||
| 526 | _aP24 | ||
| 526 | _a P22 | ||
| 526 | _aP10 | ||
| 526 | _aP09 | ||
| 526 | _a P08 | ||
| 526 | _aP06 | ||
| 526 | _aP05 | ||
| 526 | _aP04 | ||
| 526 | _aP01 | ||
| 534 |
_pTítulo original : _tGoodman and Gilman's the phamacological basis of therapeutic. |
||
| 650 | 1 | 4 | _aFarmacología. |
| 650 | 2 | 4 | _aQuimioterapia. |
| 700 | 1 |
_aGoodman, Louis S., _eeditor. |
|
| 942 |
_2ddc _cBOOK |
||
| 949 |
_a615.1 G72 _wDEWEY _c1 _i32208 _lCCODEBUL1 _mBUL _p00.00 _r0 _sY _tBOOK _u2015-06-25 _xBIBLIOTECA _zUNKNOWN _0COMPRA _o.STAFF. Colección Ciencias de la Salud |
||
| 949 |
_a615.1 G72 _wDEWEY _c2 _i38209 _lCCODEBUL1 _mBUL _p00.00 _r0 _sY _tBOOK _u2015-06-25 _xBIBLIOTECA _zUNKNOWN _0COMPRA _o.STAFF. Colección Ciencias de la Salud |
||
| 994 |
_aC0 _bPEPRU |
||
| 596 | _a1 | ||
| 999 |
_a615.1 G72 _wDEWEY _c40757 _i32208 _d40757 _e2019-9-20 _f2021-11-4 _g6 _lCCODEBUL1 _mBUL _n6 _p21.00 _q6 _r0 _sY _tBOOK _u2015-6-25 _xSALUD _zP22 _0COMPRA _o.STAFF. Colección Ciencias de la Salud |
||
| 999 |
_a615.1 G72 _wDEWEY _c2 _i38209 _d2019-8-5 _e2018-3-11 _f2021-11-4 _g5 _lCCODEBUL1 _mBUL _n2 _p21.00 _q2 _r0 _sY _tBOOK _u2015-6-25 _xSALUD _zP22 _0COMPRA _o.STAFF. Colección Ciencias de la Salud |
||
| 980 |
_81 _gALBERTO SANCHEZ Responsable de Automatización |
||